Từ điển lời hay ý đẹp
Bewaard in:
| Hoofdauteur: | |
|---|---|
| Formaat: | Boek |
| Taal: | Undetermined |
| Gepubliceerd in: |
Thanh Niên
2002
|
| Tags: |
Voeg label toe
Geen labels, Wees de eerste die dit record labelt!
|
| Thư viện lưu trữ: | Trung tâm Học liệu Trường Đại học Cần Thơ |
|---|
| LEADER | 00426nam a2200145Ia 4500 | ||
|---|---|---|---|
| 001 | CTU_49826 | ||
| 008 | 210402s9999 xx 000 0 und d | ||
| 082 | |a 398.9 | ||
| 082 | |b T550/T1 | ||
| 100 | |a NGUYỄN HÙNG TRƯƠNG | ||
| 245 | 0 | |a Từ điển lời hay ý đẹp | |
| 245 | 0 | |c NGUYỄN HÙNG TRƯƠNG | |
| 260 | |b Thanh Niên | ||
| 260 | |c 2002 | ||
| 980 | |a Trung tâm Học liệu Trường Đại học Cần Thơ | ||